Сторона захисту в судовому провадженні у першій інстанції (Запис № 458716)

МАРК-запис
000 -Лідер
fixed length control field 03611nam a22002657a 4500
001 - Контрольний номер
control field 5150453
003 - Ідентифікатор контрольного номера
control field UA-OsUOA
005 - Дата та час останнього входження (трансакції)
control field 20201109123150.0
008 - Елементи даних фіксованої довжини – загальна інформація
fixed length control field 200403b un ||||| m||| 00| 0 ukr d
040 ## - Джерело каталогізації
Агенція оригінальної каталогізації UA-OsUOA
Мова каталогізації ukr
Агенція, яка здійснювала перезапис UA-OsUOA
Агенція, яка здійснювала модифікацію UA-OsUOA
041 ## - Код мови
Код мови тексту/ звукової доріжки чи окремого заголовка (П) ukr
080 ## - Індекс Універсальної десяткової класифікації
Індекс Універсальної десяткової класифікації (УДК) (НП) 343.12
090 ## - Локальний шифр розміщення
Класифікаційний індекс УДК 343.12
095 ## - Код спеціальності для авторефератів
Код спеціальності 12.00.09
Назва спеціальності кримінальний процес та криміналістика; судова експертиза; оперативно-розшукова діяльність
100 ## - Основне введення – ім’я особи
Ім’я особи (НП) Моторигіна М. Г.
245 ## - Відомості про назву
Назва (НП) Сторона захисту в судовому провадженні у першій інстанції
Дані про відповідальність (НП) Моторигіна Марина Геннадіївна ; наук. керівник Капліна Оксана Володимирівна
260 ## - Публікація, розповсюдження і т.п. (Вихідні дані)
Місце публікації, розповсюдження і т.п. (П) Харків
Дата публікації, розповсюдження і т.п. (П) 2016
300 ## - Фізичний опис
Обсяг 20 с.
502 ## - Примітка про дисертацію
Зв'язок Автореферат дисертації на здобуття наукового ступеня кандидата юридичних наук<br/>
Наймення інституції, що представляється Національний юридичний університет імені Ярослава Мудрого
Рік отримання вченого ступеня 2016
520 ## - Резюме і т.п.
Резюме, реферат, анотація, тощо (НП) Робота присвячена вирішенню теоретичних і практичних питань, пов’язаних із участю сторони захисту в судовому провадженні в першій інстанції. Досліджено становлення та розвиток наукових думок і законодавчого закріплення поняття "сторона кримінального провадження". Спираючись на нові підходи законодавця щодо побудови кримінального процесу змагального типу, здійснено класифікацію учасників кримінального провадження. Розроблено авторське визначення поняття "сторона захисту в кримінальному провадженні", виокремлено її ознаки, надано функціональну характеристику. На підставі проведеного аналізу міжнародно-правових актів та практики ЄСПЛ виокремлено міжнародно-правові стандарти, які покликані сприяти реалізації права на захист у кримінальному провадженні та забезпеченню його ефективності. Проаналізовано механізми виконання стороною захисту функції захисту в судовому провадженні в першій інстанції.<br/>Враховуючи результати проведеного дослідження, узагальнення правозастосовної практики, практики ЄСГОІ, сформульовані науково обґрунтовані пропозиції щодо вдосконалення правового регулювання участі сторони захисту в судовому провадженні в першій інстанції.
650 ## - Додаткове предметне введення – тематичний термін
Джерело заголовка чи терміна UDC
Тематичний термін чи географічна назва, як елемент введення (НП) 343 Кримінальне право. Карні порушення
942 ## - Додаткові елементи входу (Коха)
Source of classification or shelving scheme Universal Decimal Classification
Тип елемента Koha Автореферат
955 ## - Код типу видання за змістом
Код типу видання за змістом (НП) Наукові видання

Немає доступних примірників.